• 首页
  • 本馆介绍
  • 公告通知
  • 最新文献
  • 馆藏检索
  • 电子资源
  • 读者导购
  • 参考咨询
  • 我的图书馆
  • 登录
  • 详细信息显示
  • 放入我的书架
  • 预约/预借图书
  • 作者相关作品
  • 分类相关作品
  • 丛书相关作品
  • 出版社相关作品

书目信息

  • 表格格式
  • 工作单格式
  • 卡片格式
题名:
体育知识小百科
    
 
作者: 许夏华 主编
分册:  
出版信息: 太原   希望出版社  2011
页数: 217页
开本: 23cm
丛书名: 自然科技知识小百科
单 册:
中图分类: G819-49 , G819
科图分类:
主题词: 体育运动--普及读物
电子资源:
ISBN: 978-7-5379-4977-4
000 00823oam2 2200253 450
001 2355476663
005 20231120202229.92
010    @a978-7-5379-4977-4@dCNY45.00
100    @a20181008d2011 em y0chiy0110 ea
101 0  @achi
102    @aCN@b140000
105    @ay z 000yy
200 1  @a体育知识小百科@Ati yu zhi shi xiao bai ke@f许夏华主编
210    @a太原@c希望出版社@d2011
215    @a217页@d23cm
225 2  @a自然科技知识小百科
330    @a本书讲述了丰富的体育知识,语言浅显易懂,用故事讲知识,生动有趣,具有丰富的知识性和科学性,能提高读者的阅读兴趣,并在阅读中提高文化科技知识素养。
461  0 @12001 @a自然科技知识小百科
606 0  @a体育运动@x普及读物
690    @aG819-49@v5
690    @aG819@v4
701  0 @a许夏华@Axu xia hua@4主编
801  0 @aCN@b山东中教@c20230928
905    @aBZT@dG819@e6
    
    体育知识小百科/许夏华主编.-太原:希望出版社,2011
    217页;23cm.-(自然科技知识小百科)
    
    
    ISBN 978-7-5379-4977-4:CNY45.00
    本书讲述了丰富的体育知识,语言浅显易懂,用故事讲知识,生动有趣,具有丰富的知识性和科学性,能提高读者的阅读兴趣,并在阅读中提高文化科技知识素养。
●
相关链接 在五车中查询图书 在当当中查询图书 在豆瓣中查询图书


正题名:体育知识小百科     索取号:G819/6         预约/预借

序号 登录号 条形码 馆藏地/架位号 状态 备注
1 2000974091   2000974091   第四书库/四8架B面5层1列/ [索取号:G819/6] 在馆    
2 2000974092   2000974092   第四书库/四8架B面5层1列/ [索取号:G819/6] 在馆    
3 2000974093   2000974093   第四书库/四8架B面5层1列/ [索取号:G819/6] 在馆    
4 2000974094   2000974094   第四书库/四8架B面5层1列/ [索取号:G819/6] 在馆    
5 2000974095   2000974095   第四书库/四8架B面5层1列/ [索取号:G819/6] 在馆    
6 2000974096   2000974096   第四书库/四8架B面5层1列/ [索取号:G819/6] 在馆    
山东省滨州职业学院图书馆 欢迎您!
大连网信软件有限公司© 版权所有